Vista normal Vista MARC

Entrada Corporate Name

Número de registros utilizados en: 1

001 - CONTROL NUMBER

  • control field: 43841

003 - CONTROL NUMBER IDENTIFIER

  • control field: OSt

005 - DATE AND TIME OF LATEST TRANSACTION

  • control field: 20240925114134.0

008 - FIXED-LENGTH DATA ELEMENTS

  • fixed length control field: 240925|| aca||aabn | a|a d

040 ## - CATALOGING SOURCE

  • Original cataloging agency: OSt
  • Transcribing agency: OSt

110 ## - HEADING--CORPORATE NAME

  • Corporate name or jurisdiction name as entry element: Instituto Nacional de Recursos Naturales Renovables y del Medio Ambiente

670 ## - SOURCE DATA FOUND

  • Source citation: Work cat.: (OSt)30831: Instituto Nacional de Recursos Naturales Renovables y del Medio Ambiente., Nuevos parques nacionales : , 1990.